00309nam a22001097a 4500008004100000020001500041050002900056100002100085245006000106260002300166300001000189190531b xxu||||| |||| 00| 0 eng d a0335246907 aLB1027.4 b.F38 2013 c.1 aFautley, Martin  aLesson Planning for Effective Learning cMartin Fautley aEnglandbOUPc2013 a189p.